| 000 | 00569nam a2200229Ia 4500 | ||
|---|---|---|---|
| 003 | OSt | ||
| 005 | 20230427150712.0 | ||
| 008 | 210423s2012 xx 000 0 und d | ||
| 020 | _a9788131758915 | ||
| 040 | _cAL | ||
| 041 | _aeng | ||
| 082 |
_a531 GOLH _223 |
||
| 100 |
_aGOLDSTEIN (Herbert);others. _994229 |
||
| 245 | _aClassical mechanics. | ||
| 250 | _a3 | ||
| 260 |
_aChennai _bSpringer Pvt Ltd _c2012 |
||
| 300 |
_axviii,646p _bPB |
||
| 365 |
_b515 _cINR |
||
| 650 |
_aClassical Mechanics _994230 |
||
| 906 | _aClassical ; mechanics. | ||
| 942 |
_2ddc _cBK |
||
| 999 |
_c161819 _d161819 |
||